One-Third Missing Word: TV Shows Quiz Stats

 Plays Quiz Updated Mar 20, 2012

Challenge
Share
Tweet
Embed
Score 0/22 Timer 04:00
0 Plays Today
Show Title Missing Third % Correct
The ___ Prince of ___-AirThe Fresh Prince of Bel-Air
95.5%
10 ___ I ___ About You10 Things I Hate About You
94.5%
So You ___ You ___ DanceSo You Think You Can Dance
88.7%
Law & ___: Special ___ UnitLaw & Order: Special Victims Unit
86.1%
The ___ Show with Jay ___The Tonight Show with Jay Leno
68.6%
___ the Heat of the ___In the Heat of the Night
67.7%
___ Eye for the ___ GuyQueer Eye for the Straight Guy
66%
The ___ Housewives of ___ CountyThe Real Housewives of Orange County
64.6%
The Sonny & ___ Comedy ___The Sonny & Cher Comedy Hour
63.4%
The ___ Adventures of Old ___The New Adventures of Old Christine
61.1%
___ of the ___ and FamousLifestyles of the Rich and Famous
60.9%
Show Title Missing Third % Correct
___ with Regis and Kathie ___Live with Regis and Kathie Lee
57.8%
The ___ of ___ Tin TinThe Adventures of Rin Tin Tin
54.5%
Buck ___ in the 25th ___Buck Rogers in the 25th Century
41.8%
___ of Love with Bret ___Rock of Love with Bret Michaels
35.4%
Wait Till Your ___ Gets ___Wait Till Your Father Gets Home
34.2%
___ in the Big ___ HouseBear in the Big Blue House
28.7%
Who ___ to Marry My ___?Who Wants to Marry My Dad?
21.3%
The ___ Adventures of Billy & ___The Grim Adventures of Billy & Mandy
14.4%
The Many ___ of ___ GillisThe Many Loves of Dobie Gillis
14%
That ___ the ___ That WasThat Was the Week That Was
10.7%
My ___ and ___ to ItMy World and Welcome to It
8.2%

You're not logged in!

Compare scores with friends on all Sporcle quizzes.
OR
Log In

You Might Also Like...

Show Comments

Extras

Top Quizzes Today


Score Distribution

Your Account Isn't Verified!

In order to create a playlist on Sporcle, you need to verify the email address you used during registration. Go to your Sporcle Settings to finish the process.

Report this User

Report this user for behavior that violates our Community Guidelines.

Details: